000 00503nam a2200169 a 4500
001 000036575
005 20200930075816.0
008 120120s1991 xxu 000 0 spa d
020 _a0060163127
040 _aDO-SdBNP
_bspa
_cBNPHU
041 1 7 _aeng
100 1 _aLeeds, Dorothy.
_962844
245 1 0 _aMarketing yourself :
_bthe ultimate job seeker's guide /
_cDorothy Leeds.
260 _aNew York :
_bHarperCollins,
_c1991.
300 _axvii, 296 p. ;
_c25 cm.
504 _aBibliografía :p (.177-179)
999 _c36066
_d36066